| 000 | 01094 a2200205 4500 | ||
|---|---|---|---|
| 001 | 54315 | ||
| 005 | 20260407155815.0 | ||
| 008 | 260407a arg spa d | ||
| 003 | AR-UNSa-BCEJYS | ||
| 040 |
_aAR-UNSa-BCEJYS _bspa _cAR-UNSa-BCEJYS |
||
| 080 |
_a658.115 _xEmpresas públicas, estatales y nacionalizadas (Economía) |
||
| 245 | 1 | 0 | _aEconomía de la empresa pública |
| 020 | _a84-7196-261-1 | ||
| 264 | 1 |
_aMadrid : _bInstituto de Estudio Fiscales |
|
| 505 | _a1. Los objetivos de la empresa pública - 2. El sistema de control de la empresa pública - 3. Economía del bienestar y política de empresa pública - 4. Determinación de precios al coste marginal y equilibrio parcial - 5. Determinación de precios al coste marginal en la práctica - 6. Algunos problemas de la segunda preferencia - 7. Rentabilidad,imposición y distribución de renta - 8. El coste de capital de la empresa pública - 9. Determinación de precios e inversión en condiciones de incertidumbre | ||
| 041 | _aspa | ||
| 942 | _cBK | ||
| 590 | _aniveau_biblio:m niveau_hierar:0 | ||
| 100 | 1 | _aRees, Ray | |
| 999 |
_c5483 _d5483 |
||